| 000 | 00353nam a2200145Ia 4500 | ||
|---|---|---|---|
| 008 | 200615s9999||||xx |||||||||||||| ||und|| | ||
| 020 | _a9788129704122 | ||
| 082 |
_a650 _bORG-J |
||
| 100 | _aJONES,CHARLES P | ||
| 245 | 0 | _aORGANIZATIONAL THEORY DESIGN AND CHANGE | |
| 250 | _a4TH | ||
| 260 |
_aNew Delhi _bPEARSON _c2018 |
||
| 300 | _a591 | ||
| 942 | _cBK | ||
| 999 |
_c27938 _d27938 |
||